Countries by Silhouette Snippet #3 - Statistics

General Stats
  • This quiz has been taken 9 times
  • The average score is 9 of 16
Answer Stats
Picture Answer % Correct
Australia
89%
Croatia
78%
Latvia
78%
Mali
78%
Senegal
67%
Solomon Islands
67%
Sweden
67%
Kazakhstan
56%
South Korea
56%
Switzerland
56%
Bangladesh
44%
Guinea
44%
Papua New Guinea
44%
Zimbabwe
44%
Pakistan
33%
Peru
33%
No matching quizzes found
Score Distribution
Percent of People with Each Score
Percentile by Number Answered
Your Score History
You have not taken this quiz